| Tag |
First Indicator |
Second Indicator |
Subfields |
| LEADER |
00000pam a2200000 a 4500 |
| 001 |
in00000090499 |
| 005 |
20151008063730.0 |
| 008 |
800828s1981 nyua b 00110 engm |
| 010 |
|
|
|a 80021673
|
| 020 |
|
|
|a 0030584485 :
|c $31.95
|
| 035 |
|
|
|a (OCoLC)06735170
|
| 035 |
|
|
|9 AAK2824AM
|
| 040 |
|
|
|a DLC
|c DLC
|d m.c.
|d TXA
|d UtOrBLW
|
| 049 |
|
|
|a TXAM
|c [1361587]
|
| 050 |
0 |
0 |
|a RC147.H7
|b S35 1981
|
| 060 |
|
0 |
|a WC 465 S411h
|
| 082 |
0 |
|
|a 616.9/69
|2 19
|
| 100 |
1 |
|
|a Schwarz, Jan.
|
| 245 |
1 |
0 |
|a Histoplasmosis /
|c Jan Schwarz.
|
| 264 |
|
1 |
|a New York, N.Y. :
|b Praeger,
|c 1981.
|
| 300 |
|
|
|a viii, 472 pages :
|b illustrations ;
|c 24 cm.
|
| 336 |
|
|
|a text
|b txt
|2 rdacontent
|
| 337 |
|
|
|a unmediated
|b n
|2 rdamedia
|
| 338 |
|
|
|a volume
|b nc
|2 rdacarrier
|
| 500 |
|
|
|a Includes index.
|
| 504 |
|
|
|a Bibliography: pages 355-470.
|
| 650 |
|
0 |
|a Histoplasmosis.
|
| 650 |
|
2 |
|a Histoplasmosis.
|
| 999 |
|
|
|a MARS
|
| 999 |
f |
f |
|s c411a096-77bc-315f-8f69-2c5b9df9aebd
|i 5847dbc0-c973-30b7-bef5-907dfef239ae
|t 0
|
| 952 |
f |
f |
|p ric
|a Texas A&M University
|b Rellis Campus
|c Joint Library Facility
|d Remote Storage
|t 0
|e RC147.H7 S35 1981
|h Library of Congress classification
|i unmediated -- volume
|m A14806228970
|
| 998 |
f |
f |
|a RC147.H7 S35 1981
|t 0
|l Remote Storage
|